[Event "Olympiad-44"]
[Site "Chennai"]
[Date "2022.08.06"]
[Round "8.3"]
[White "Amdouni, Zoubaier"]
[Black "Khoa, Goodwill"]
[Result "1-0"]
[WhiteElo "2224"]
[BlackElo "1850"]
[PlyCount "77"]
[EventDate "2022.07.29"]
[EventType "team-swiss"]
[EventRounds "11"]
[EventCountry "IND"]
[SourceTitle "CBM 210"]
[Source "ChessBase"]
[SourceDate "2022.10.31"]
[SourceVersion "1"]
[SourceVersionDate "2022.10.31"]
[SourceQuality "1"]
[WhiteTeam "Tunisia"]
[BlackTeam "Namibia"]
[WhiteTeamCountry "TUN"]
[BlackTeamCountry "NAM"]

1. e4 c5 2. Nf3 e6 3. d4 cxd4 4. Nxd4 Nc6 5. Nc3 a6 6. Nxc6 bxc6 7. Bd3 Qc7 8. 0-0 g6 9. Be3 Rb8 10. Na4 Bg7 11. f4 Nf6 12. c4 0-0 13. e5 Ne8 14. Bc5 d6 15. exd6 Nxd6 16. Bxg6 Rd8 17. Bd3 Ne4 18. Be3 Nf6 19. Qc2 Qa5 20. Rad1 Kh8 21. Be2 Bd7 22. b3 Qc7 23. Nc5 Ra8 24. Bf3 Be8 25. Rxd8 Qxd8 26. Rd1 Qc7 27. Qd2 a5 28. Na4 Nd7 29. Qd6 Qxd6 30. Rxd6 Bf8 31. Rxc6 e5 32. Bd5 Rd8 33. Ra6 Bb4 34. fxe5 Kg7 35. Bd4 Nf8 36. e6+ f6 37. Nc5 Ng6 38. Ra7+ Ne7 39. Rxe7+ 1-0

[Event "TUN-ch"]
[Site "Sfax"]
[Date "2022.01.25"]
[Round "4"]
[White "Hbacha, Achraf"]
[Black "Amdouni, Zoubaier"]
[Result "0-1"]
[WhiteElo "2187"]
[BlackElo "2248"]
[PlyCount "125"]
[EventDate "2022.01.22"]
[EventType "tourn"]
[EventRounds "11"]
[EventCountry "TUN"]
[SourceTitle "CBM 206 Extra"]
[Source "ChessBase"]
[SourceDate "2022.03.31"]
[SourceVersion "1"]
[SourceVersionDate "2022.03.31"]
[SourceQuality "1"]

1. Nf3 Nf6 2. g3 d5 3. Bg2 c5 4. 0-0 Nc6 5. d4 cxd4 6. Nxd4 Qb6 7. Nb3 Bf5 8. Be3 Qd8 9. c4 dxc4 10. Nc5 Qc8 11. Qa4 Bh3 12. Bh1 e5 13. Rd1 Bxc5 14. Bxc5 Nd7 15. Bd6 Nb6 16. Qb5 f6 17. Nd2 Kf7 18. Nxc4 Nd4 19. Nxb6 axb6 20. Qd5+ Be6 21. Qxb7+ Qxb7 22. Bxb7 Rad8 23. Ba3 Nxe2+ 24. Kg2 Nd4 25. Rac1 Rd7 26. Bc8 Bd5+ 27. Kf1 Rdd8 28. Rc7+ Kg6 29. Bg4 h5 30. Be2 Nxe2 31. Kxe2 Bf3+ 32. Kxf3 Rxd1 33. Rb7 Ra1 34. Rxb6 Rxa2 35. Bc5 Kf5 36. h3 e4+ 37. Ke3 Rd8 38. Bd4 Ra4 39. Rb5+ Kg6 40. b4 Re8 41. Kf4 Ra3 42. Be3 Rb3 43. h4 Re7 44. g4 Re5 45. Rb7 hxg4 46. Kxg4 Rf5 47. Rb8 Rf3 48. h5+ Kh7 49. Rb7 Rbxe3 50. fxe3 Kh6 51. Rb8 f5+ 52. Kh4 g5+ 53. hxg6 Rxe3 54. g7 Kxg7 55. Kg5 Rf3 56. Rb7+ Kf8 57. b5 Ke8 58. b6 Kd8 59. Rh7 Kc8 60. Re7 e3 61. Kf6 f4 62. Ke5 e2 63. Kd4 0-1

[Event "TUN-ch"]
[Site "Sfax"]
[Date "2022.01.23"]
[Round "2"]
[White "Ben Brahem, Aymen"]
[Black "Amdouni, Zoubaier"]
[Result "1-0"]
[WhiteElo "2131"]
[BlackElo "2248"]
[PlyCount "85"]
[EventDate "2022.01.22"]
[EventType "tourn"]
[EventRounds "11"]
[EventCountry "TUN"]
[SourceTitle "CBM 206 Extra"]
[Source "ChessBase"]
[SourceDate "2022.03.31"]
[SourceVersion "1"]
[SourceVersionDate "2022.03.31"]
[SourceQuality "1"]

1. d4 Nf6 2. Bf4 d5 3. e3 c5 4. c3 Nc6 5. Nd2 Bf5 6. Qb3 Qd7 7. Ngf3 c4 8. Qd1 e6 9. Be2 Bd6 10. Bxd6 Qxd6 11. Nh4 0-0 12. 0-0 b5 13. g4 g5 14. Nxf5 exf5 15. gxf5 Kh8 16. Qc2 Rae8 17. Kh1 g4 18. Rg1 Rg8 19. Rg2 h5 20. Rag1 Qe7 21. Nf1 Qe4 22. Qxe4 dxe4 23. h3 gxh3 24. Rxg8+ Rxg8 25. Rxg8+ Kxg8 26. Kh2 Ne7 27. Kxh3 Nxf5 28. Ng3 Nxg3 29. Kxg3 Kf8 30. Kh4 Nd5 31. Kxh5 Ke7 32. Kg5 Ke6 33. Bg4+ Kd6 34. a3 a5 35. Kf5 b4 36. cxb4 axb4 37. axb4 Nxb4 38. Bh5 Ke7 39. Kxe4 Nd3 40. d5 Nxb2 41. Kd4 f6 42. Be2 Kd6 43. e4 1-0

[Event "TUN-ch"]
[Site "Sfax"]
[Date "2022.01.22"]
[Round "1"]
[White "Amdouni, Zoubaier"]
[Black "Hergli, Amir"]
[Result "1/2-1/2"]
[WhiteElo "2248"]
[BlackElo "2070"]
[PlyCount "131"]
[EventDate "2022.01.22"]
[EventType "tourn"]
[EventRounds "11"]
[EventCountry "TUN"]
[SourceTitle "CBM 206 Extra"]
[Source "ChessBase"]
[SourceDate "2022.03.31"]
[SourceVersion "1"]
[SourceVersionDate "2022.03.31"]
[SourceQuality "1"]

1. e4 c5 2. Nf3 e6 3. d4 cxd4 4. Nxd4 a6 5. Bd3 Nc6 6. Nb3 Nf6 7. 0-0 d5 8. exd5 Nxd5 9. Be4 Bd6 10. c4 Nde7 11. Qe2 0-0 12. Rd1 Qc7 13. g3 f5 14. Bg2 Be5 15. Nc3 Bxc3 16. bxc3 e5 17. Ba3 Rf6 18. Qd2 e4 19. Bf1 Be6 20. Bd6 Qc8 21. Nc5 Ng6 22. Nxe6 Qxe6 23. Qd5 Rd8 24. Qxe6+ Rxe6 25. c5 Nge5 26. Rdb1 Nf3+ 27. Kg2 b5 28. a4 Rh6 29. h3 bxa4 30. Rb6 Nce5 31. Bxe5 Nxe5 32. Rxh6 gxh6 33. Bxa6 Rd5 34. c6 Rc5 35. Rxa4 Rxc3 36. Bc8 Nxc6 37. Bxf5 e3 38. fxe3 Rxe3 39. Ra6 Re2+ 40. Kf1 Re5 41. Bd7 Ne7 42. h4 Kg7 43. Kf2 Rd5 44. Bg4 h5 45. Bf3 Re5 46. Ra7 Kf6 47. Bd1 Rf5+ 48. Kg2 Nd5 49. Ra3 Re5 50. Kf2 Ne7 51. Ra6+ Re6 52. Ra4 Re5 53. Ra7 Rf5+ 54. Bf3 Re5 55. Ra6+ Re6 56. Rxe6+ Kxe6 57. Bxh5 Ke5 58. Bd1 Nf5 59. Bc2 Nxg3 60. Kxg3 Kf6 61. Kg4 h5+ 62. Kxh5 Kg7 63. Bg6 Kh8 64. Kh6 Kg8 65. h5 Kh8 66. Bh7 1/2-1/2

[Event "Online Olym Div3 B"]
[Site "Chess.com INT"]
[Date "2021.08.29"]
[Round "8.4"]
[White "Sameer, Loay"]
[Black "Amdouni, Zoubaier"]
[Result "1-0"]
[WhiteElo "2197"]
[BlackElo "2218"]
[PlyCount "75"]
[EventDate "2021.08.27"]
[EventType "team-tourn (rapid)"]
[EventRounds "9"]
[EventCountry "USA"]
[SourceTitle "CBM 204 Extra"]
[Source "ChessBase"]
[SourceDate "2021.11.30"]
[SourceVersion "1"]
[SourceVersionDate "2021.11.30"]
[SourceQuality "1"]
[WhiteTeam "Jordan"]
[BlackTeam "Tunisia"]
[WhiteTeamCountry "JOR"]
[BlackTeamCountry "TUN"]

1. Nf3 d5 2. g3 Nf6 3. Bg2 Bf5 4. 0-0 e6 5. d3 h6 6. Nbd2 Nbd7 7. b3 Bc5 8. Bb2 0-0 9. Qe1 Bh7 10. e4 c6 11. Qe2 dxe4 12. dxe4 Qc7 13. e5 Nd5 14. Ne4 Be7 15. c4 Nb4 16. a3 Nd3 17. Qxd3 Nc5 18. Nxc5 Bxd3 19. Nxd3 Rfd8 20. Nf4 g5 21. Nh5 g4 22. Nh4 Bxh4 23. gxh4 Rd2 24. Bc1 Re2 25. Bf4 Rd8 26. Rad1 Kh7 27. Nf6+ Kg6 28. Bg3 Rxd1 29. Rxd1 Qb6 30. b4 a5 31. c5 Qc7 32. Bf1 Ra2 33. Rd7 Qc8 34. Bd3+ Kg7 35. Re7 Rxa3 36. Be4 axb4 37. Re8 Qc7 38. Rg8# 1-0

[Event "TUN-ch"]
[Site "Istanbul"]
[Date "2021.04.07"]
[Round "5"]
[White "Amdouni, Zoubaier"]
[Black "Ben Brahem, Aymen"]
[Result "0-1"]
[WhiteElo "2229"]
[BlackElo "2140"]
[PlyCount "66"]
[EventDate "2021.04.04"]
[EventType "tourn"]
[EventRounds "9"]
[EventCountry "TUR"]
[SourceTitle "CBM 201 Extra"]
[Source "ChessBase"]
[SourceDate "2021.05.31"]
[SourceVersion "1"]
[SourceVersionDate "2021.05.31"]
[SourceQuality "1"]

1. e4 c5 2. Nc3 Nc6 3. f4 g6 4. Nf3 Bg7 5. Bc4 d6 6. 0-0 Nf6 7. d3 0-0 8. Qe1 e6 9. f5 d5 10. Bb3 c4 11. Ba4 dxe4 12. Nxe4 b5 13. fxg6 fxg6 14. Bxb5 Qb6+ 15. Qf2 Qxb5 16. Nd6 Qd5 17. Nxc4 e5 18. Qh4 Bd7 19. Bd2 Rae8 20. Ne3 Qc5 21. b4 Qb6 22. Kh1 e4 23. Ng5 h6 24. Nc4 hxg5 25. Qxg5 Qd4 26. Qxg6 Ng4 27. h3 Rf6 28. Qg5 Ref8 29. Rfe1 Qxa1 30. hxg4 Rf1+ 31. Rxf1 Rxf1+ 32. Kh2 Qf6 33. Qd5+ Be6 0-1

[Event "TUN-ch"]
[Site "Istanbul"]
[Date "2021.04.04"]
[Round "1"]
[White "Amdouni, Zoubaier"]
[Black "Zaibi, Amir"]
[Result "0-1"]
[WhiteElo "2229"]
[BlackElo "2381"]
[PlyCount "76"]
[EventDate "2021.04.04"]
[EventType "tourn"]
[EventRounds "9"]
[EventCountry "TUR"]
[SourceTitle "CBM 201 Extra"]
[Source "ChessBase"]
[SourceDate "2021.05.31"]
[SourceVersion "1"]
[SourceVersionDate "2021.05.31"]
[SourceQuality "1"]

1. e4 c5 2. Nc3 e6 3. f4 a6 4. g3 d5 5. Bg2 dxe4 6. Nxe4 Be7 7. Nf3 Nf6 8. Nf2 b6 9. Ne5 Ra7 10. b3 Bb7 11. Bxb7 Rxb7 12. Bb2 0-0 13. c4 Rc7 14. Qe2 Nc6 15. Nxc6 Rxc6 16. 0-0-0 b5 17. d3 Ne8 18. Ng4 Rd6 19. h4 Nf6 20. Ne5 Nd7 21. Ng4 f5 22. Nh2 Bf6 23. Nf3 Bxb2+ 24. Kxb2 Nb8 25. Ne5 Nc6 26. Nxc6 Rxc6 27. Qe5 Qf6 28. Rhe1 Rd8 29. Kc2 Kf7 30. Re3 b4 31. Rde1 a5 32. Rd1 Rd7 33. a4 Rcd6 34. Rde1 Qxe5 35. fxe5 Rd4 36. Rf1 Kg6 37. Kd2 Kh5 38. Ke2 Kg4 0-1

[Event "African Online op"]
[Site "Tornelo INT"]
[Date "2021.02.02"]
[Round "2"]
[White "Amdouni, Zoubaier"]
[Black "Pascoal, Eduardo A"]
[Result "1-0"]
[WhiteElo "2229"]
[BlackElo "2184"]
[PlyCount "57"]
[EventDate "2021.02.01"]
[EventType "swiss (rapid)"]
[EventRounds "9"]
[EventCountry "NET"]
[SourceTitle "CBM 200 Extra"]
[Source "ChessBase"]
[SourceDate "2021.03.31"]
[SourceVersion "1"]
[SourceVersionDate "2021.03.31"]
[SourceQuality "1"]

1. e4 e6 2. d4 d5 3. Bd3 Nf6 4. e5 Nfd7 5. c3 c5 6. Ne2 Nc6 7. a3 Qb6 8. b4 cxd4 9. cxd4 f6 10. Be3 fxe5 11. dxe5 Qd8 12. f4 g6 13. 0-0 Bh6 14. Rf3 0-0 15. Rh3 Bg7 16. Ra2 a5 17. b5 Ne7 18. Nd4 Nc5 19. Bc2 b6 20. Nd2 Nf5 21. Bxf5 exf5 22. N2f3 h5 23. Nc6 Qd7 24. Rd2 Ne4 25. Rxd5 Nc3 26. Rxd7 Nxd1 27. Rxd1 Be6 28. Rd6 Bf7 29. Ne7+ 1-0

[Event "African Online op"]
[Site "Tornelo INT"]
[Date "2021.02.01"]
[Round "1"]
[White "Bongo Akanga Ndjila, Barthelemy"]
[Black "Amdouni, Zoubaier"]
[Result "1/2-1/2"]
[WhiteElo "1803"]
[BlackElo "2229"]
[PlyCount "88"]
[EventDate "2021.02.01"]
[EventType "swiss (rapid)"]
[EventRounds "9"]
[EventCountry "NET"]
[SourceTitle "CBM 200 Extra"]
[Source "ChessBase"]
[SourceDate "2021.03.31"]
[SourceVersion "1"]
[SourceVersionDate "2021.03.31"]
[SourceQuality "1"]

1. d4 d5 2. Nf3 Nf6 3. Bg5 e6 4. e3 Nbd7 5. Bd3 c6 6. 0-0 Bd6 7. c4 0-0 8. Qc2 h6 9. Bh4 dxc4 10. Bxc4 e5 11. dxe5 Nxe5 12. Nxe5 Bxe5 13. Rd1 Bxh2+ 14. Kh1 Bd6 15. Bg3 Ne8 16. Qd2 Qf6 17. Bxd6 Nxd6 18. Qxd6 Qh4+ 19. Kg1 Qxc4 20. Nc3 Qe6 21. Qc7 Qg6 22. Rd4 Bh3 23. Qh2 Be6 24. Rad1 c5 25. Rd6 Qg4 26. e4 Rae8 27. f3 Qg5 28. f4 Qg4 29. f5 Bc4 30. f6 Re6 31. fxg7 Kxg7 32. b3 Ba6 33. Rxe6 fxe6 34. Qe5+ Kg8 35. Qxc5 Qg3 36. Qd4 Rf7 37. b4 Rg7 38. Rd2 Bc4 39. e5 b5 40. Ne4 Qe1+ 41. Kh2 Qh4+ 42. Kg1 Qe1+ 43. Kh2 Qh4+ 44. Kg1 Qe1+ 1/2-1/2

[Event "Benidorm op U2300 18th"]
[Site "Benidorm"]
[Date "2019.12.06"]
[Round "9"]
[White "Amdouni, Zoubaier"]
[Black "Ayza Leon, David"]
[Result "0-1"]
[WhiteElo "2289"]
[BlackElo "2231"]
[PlyCount "90"]
[EventDate "2019.11.29"]
[EventType "swiss"]
[EventRounds "10"]
[EventCountry "ESP"]
[SourceTitle "EXT 2022"]
[Source "ChessBase"]
[SourceDate "2021.10.06"]
[SourceVersion "1"]
[SourceVersionDate "2021.10.06"]
[SourceQuality "1"]

1. e4 e5 2. Nf3 Nc6 3. Bb5 a6 4. Ba4 Nf6 5. 0-0 Be7 6. Re1 b5 7. Bb3 Bb7 8. d4 d6 9. c3 0-0 10. Nbd2 h6 11. Nf1 exd4 12. cxd4 Na5 13. Bc2 c5 14. Ng3 Bc8 15. Qe2 Re8 16. dxc5 dxc5 17. e5 Bf8 18. Rd1 Qb6 19. Qd3 c4 20. Qe2 Qc7 21. Bf4 Nc6 22. Qd2 Nh7 23. Be4 Re6 24. Nd4 Nxd4 25. Bxa8 Nc6 26. Nf5 Nxe5 27. Qd8 Nf3+ 28. gxf3 Qxf4 29. Ng3 Qb8 30. Bd5 Rg6 31. Be4 Ng5 32. Bxg6 fxg6 33. Rd7 Nxf3+ 34. Kg2 Ne5 35. Rd5 Nf7 36. Qe8 Bh3+ 37. Kxh3 Qxe8 38. Rad1 Ng5+ 39. Kg2 Qe6 40. Rd8 Qh3+ 41. Kh1 Nf3 42. Nf1 Nh4 43. Ne3 Qf3+ 44. Kg1 Kh7 45. Re8 Bc5 0-1